| 000 | 00660nam a22002417a 4500 | ||
|---|---|---|---|
| 003 | UA-OsUOA | ||
| 001 | 57533 | ||
| 007 | ta | ||
| 008 | 20081225b un ||||| |||| 00| 0 ukr d | ||
| 100 | _aЛермонтов М. Ю. | ||
| 090 |
_a821.161.1 _bЛ49 |
||
| 942 | _cBK | ||
| 040 |
_aUA-OsUOA _brus _cUA-OsUOA _dUA-OsUOA |
||
| 245 | _aГерой нашего времени. Княгиня Лиговская | ||
| 300 | _a253 с. | ||
| 955 | _a3 | ||
| 041 | _arus | ||
| 080 | _a821.161.1 | ||
| 020 | _a5-358-01501-9 | ||
| 260 |
_aМ. _bДрофа _c2006 |
||
| 650 | 7 |
_a82 Література. Літературознавство _2UDC |
|
| 999 |
_c343600 _d343600 |
||